| 000 | 00540nam a22001577a 4500 | ||
|---|---|---|---|
| 008 | 240423b |||||||| |||| 00| 0 eng d | ||
| 050 | _aJF501.P357 1994 | ||
| 100 |
_aCopeland. Gary W, _952663 |
||
| 245 |
_aParliaments in the modern world; _bchanging institutions, _cGary W. Copeland. |
||
| 260 |
_aUSA: _bThe University of Michigan, _c1994 |
||
| 300 |
_axii; _b180p, _c24cm. |
||
| 650 |
_xlegislative bodies. _952665 |
||
| 650 |
_aEurope; _xlegislative bodies, _952666 |
||
| 650 |
_vcomparative government, _924910 |
||
| 942 |
_2lcc _cMONOGRAPH |
||
| 999 |
_c131870 _d131870 |
||